| 000 | 00410nam a22001577a 4500 | ||
|---|---|---|---|
| 003 | OSt | ||
| 005 | 20240104110104.0 | ||
| 008 | 190128b xxu||||| |||| 00| 0 eng d | ||
| 020 | _a9788188458516 | ||
| 040 | _cIIMT UNIVERSITY | ||
| 100 | _aSINGH PARBIN | ||
| 245 | _aA TEXT BOOK OF ENGINEERING AND GENERAL GEOLOGY | ||
| 260 |
_aNEW DELHI _bS.K KATARIA SONS PUB _c2010 |
||
| 300 | _a591 | ||
| 942 |
_2ddc _c02 _e8ED |
||
| 999 |
_c44647 _d44647 |
||